[Event "Oberpfalz-ch M3"]
[Site "Windischeschenbach"]
[Date "2007.04.01"]
[Round "4"]
[White "Blodig, Constantin"]
[Black "Rieger, Alexandra"]
[Result "0-1"]
[WhiteElo "1297"]
[BlackElo "1478"]
[PlyCount "74"]
[EventDate "2007.03.31"]
[EventType "swiss"]
[EventRounds "8"]
[EventCountry "GER"]
[SourceTitle "EXT 2022"]
[Source "ChessBase"]
[SourceDate "2021.10.06"]
[SourceVersion "1"]
[SourceVersionDate "2021.10.06"]
[SourceQuality "1"]

1. e4 c5 2. Nc3 d6 3. g3 Nf6 4. Bg2 g6 5. f4 Nc6 6. Nf3 Bg7 7. d3 0-0 8. 0-0 Bd7 9. Kh1 e6 10. Rg1 Ng4 11. Qe1 f5 12. h3 Nh6 13. Nh2 Nd4 14. Qd1 Bc6 15. g4 fxg4 16. hxg4 Qh4 17. Be3 Nxc2 18. Qxc2 Nxg4 19. Bf3 Nxe3 20. Qe2 Qxf4 21. Rae1 Be5 22. Qd2 Nd5 23. Qxf4 Nxf4 24. Rd1 Nh3 25. Rgf1 Bd4 26. Kg2 Ng5 27. Bg4 Rxf1 28. Rxf1 Rf8 29. Rxf8+ Kxf8 30. Nf3 Nxf3 31. Kxf3 Bxc3 32. bxc3 Ke7 33. Kf4 Kf6 34. d4 cxd4 35. cxd4 e5+ 36. dxe5+ dxe5+ 37. Ke3 Kg5 0-1